000
00282nam a2200109Ia 4500
008
230627s9999 xx 000 0 und d
041
_a
eng
082
_a
346.08
_b
BAN
100
_a
Bansal B. L
245
_a
Digest On Dishonour Of Cheque
260
_a
New Delhi
_b
Kamal Publishers
_c
1995
999
_c
702737
_d
702737